| 000 | 00624cam a22002291 4500 | ||
|---|---|---|---|
| 001 | sa 66004298 | ||
| 003 | DLC | ||
| 005 | 20260227112241.0 | ||
| 008 | 881102s1964 xx 000 0 urdo | ||
| 010 | _asa 66004298 | ||
| 035 | _a(OCoLC)23540885 | ||
| 040 |
_aDLC _cMiU _dDLC |
||
| 042 | _apremarc | ||
| 050 | 0 | 0 |
_aPK1977 _b.M24 |
| 245 | 0 | 0 | _aMajmūʻah-yi alfāẓ-i z̤arūrī musammā bah Lughāt-i Kishvarī. |
| 260 | _c1964. | ||
| 300 |
_a836 p. _c28 cm. |
||
| 500 | _aRomanized. | ||
| 650 | 0 |
_aUrdu language _vDictionaries. |
|
| 700 | 2 |
_aTaṣadduq Ḥusain, _dfl 1872, _ecomp. |
|
| 740 | 0 | _aLughātī Kishvarī. | |
| 999 |
_c69332 _d69332 |
||